<?xml version="1.0" encoding="UTF-8"?><?xml-stylesheet type="text/xsl" href="static/style.xsl"?><OAI-PMH xmlns="http://www.openarchives.org/OAI/2.0/" xmlns:xsi="http://www.w3.org/2001/XMLSchema-instance" xsi:schemaLocation="http://www.openarchives.org/OAI/2.0/ http://www.openarchives.org/OAI/2.0/OAI-PMH.xsd"><responseDate>2026-06-01T07:51:02Z</responseDate><request verb="GetRecord" identifier="oai:riuma.uma.es:10630/17666" metadataPrefix="marc">https://riuma.uma.es/rest/oai/request</request><GetRecord><record><header><identifier>oai:riuma.uma.es:10630/17666</identifier><datestamp>2026-02-03T11:47:52Z</datestamp><setSpec>com_10630_2254</setSpec><setSpec>col_10630_37959</setSpec></header><metadata><record xmlns="http://www.loc.gov/MARC21/slim" xmlns:dcterms="http://purl.org/dc/terms/" xmlns:doc="http://www.lyncode.com/xoai" xmlns:xsi="http://www.w3.org/2001/XMLSchema-instance" xsi:schemaLocation="http://www.loc.gov/MARC21/slim http://www.loc.gov/standards/marcxml/schema/MARC21slim.xsd">
   <leader>00925njm 22002777a 4500</leader>
   <datafield ind2=" " ind1=" " tag="042">
      <subfield code="a">dc</subfield>
   </datafield>
   <datafield ind2=" " ind1=" " tag="720">
      <subfield code="a">García-Ruiz, Carmen Rosa</subfield>
      <subfield code="e">author</subfield>
   </datafield>
   <datafield ind2=" " ind1=" " tag="720">
      <subfield code="a">Zorrilla-Luque, José Luis</subfield>
      <subfield code="e">author</subfield>
   </datafield>
   <datafield ind2=" " ind1=" " tag="260">
      <subfield code="c">2019-05-16</subfield>
   </datafield>
   <datafield ind2=" " ind1=" " tag="520">
      <subfield code="a">El trabajo da a conocer un proyecto de innovación en el Máster en Profesorado de Educación Secundaria, diseñado con el objeto de desarrollar en el aula una práctica docente consecuente con el propósito de educar para una ciudadanía democrática, reflexiva y crítica. &#xd;
La propuesta formativa se organiza en torno al diseño, por parte del profesorado en formación, de secuencias didácticas utilizando, recursos digitales, para que el alumnado de educación secundaria identifique discursos de odio entre quienes participan en comentarios de noticias de actualidad, analizarlos y elaborar contra-narrativas que se hagan públicas en ese medio. Relatos sexistas, islamófobos, racistas o xenófobos, comunes y habituales entre quienes comentan noticias en la prensa digital, pueden introducirse en el curriculum de Ciencias Sociales para desmontar prejuicios que están en la base de la exclusión, la invisibilización o la estigmatización de determinados colectivos sociales.&#xd;
El proyecto se desarrolló con la finalidad de extraer evidencias útiles para el diseño de una investigación que, centrada en el rol docente, analice cómo este juega un papel determinante en la ruptura de tradiciones curriculares que obvian una práctica educativa activa, basada en la participación ciudadana e interacción en el entorno social. Se inspira en la apuesta del profesor Santisteban et al. (2016) de trabajar la literacidad crítica en formación del profesorado, con el propósito de reflexionar sobre la ideología de los textos y recursos para la enseñanza de las Ciencias Sociales.</subfield>
   </datafield>
   <datafield ind1="8" ind2=" " tag="024">
      <subfield code="a">https://hdl.handle.net/10630/17666</subfield>
   </datafield>
   <datafield tag="653" ind2=" " ind1=" ">
      <subfield code="a">Didáctica de las Ciencias Sociales</subfield>
   </datafield>
   <datafield tag="653" ind2=" " ind1=" ">
      <subfield code="a">Educación para la ciudadanía</subfield>
   </datafield>
   <datafield ind2="0" ind1="0" tag="245">
      <subfield code="a">Educar para la ciudadanía frente a discursos de odio desde la prensa digital. Una experiencia en formación inicial del profesorado de educación secundaria</subfield>
   </datafield>
</record>
</metadata></record></GetRecord></OAI-PMH>